Recuperación de patrimonio turístico: Cerro Santo Domingo de Valparaíso

Сохранить в:
Библиографические подробности
Главные авторы: Schweitzer Lopetegui, Angela (Автор), Vidal V., Raquel (Автор), Gutíerrez V., Eugenio (Автор), Burr G., Carmen Luz (Автор)
Формат:
Язык:испанский
Опубликовано: Valparaíso Servicio Nacional de Turismo Región de Valparaíso 1982
Серии:Estudios Turísticos, 2
Предметы:
Метки: Добавить метку
Нет меток, Требуется 1-ая метка записи!

MARC

LEADER 00000nam a2200000 a 4500
001 UCT0302
003 CL-VaPUC
008 960830e19820000CL |||||||||||||||||spa|d
082 0 4 |a 728.3  |b SCH  |2 21 
100 0 |a Schweitzer Lopetegui, Angela  |e author  |9 368935 
700 0 |a Vidal V., Raquel  |e author  |9 368936 
700 0 |a Gutíerrez V., Eugenio  |e author  |9 368937 
700 0 |a Burr G., Carmen Luz  |e author  |9 368938 
245 1 0 |a Recuperación de patrimonio turístico: Cerro Santo Domingo de Valparaíso 
300 |a 280 p 
942 |c BK 
945 |d 19960830 00:00:00  |a rleighto 
260 |a Valparaíso  |b Servicio Nacional de Turismo Región de Valparaíso  |c 1982 
650 0 |a Historia  |9 255047 
650 0 |a Planificación urbana   |9 258176 
650 0 |a Población  |9 257577 
650 7 |a DESARROLLO URBANO  |2 CL-VaPUC  |9 368939 
650 0 |a Turismo  |9 308920 
651 7 |a CERRO SANTO DOMINGO  |2 CL-VaPUC  |9 368940 
651 7 |a CHILE  |2 CL-VaPUC  |9 368941 
651 0 |a Valparaíso, Chile  |9 261144 
583 |a last modification  |c 19960830 00:00:00  |k Rodrigo Vera 
490 0 |a Estudios Turísticos, 2 
999 |c 251340  |d 251338 
952 |0 0  |1 0  |4 0  |6 728_300000000000000_SCH_1982  |7 0  |8 R  |9 270444  |a BIBARQ  |b BIBARQ  |d 2019-11-19  |i 322371K  |o 728.3 SCH 1982  |p 322371K  |r 2025-01-20  |w 2019-11-19  |y BK_R  |k ARQ 
952 |0 0  |1 0  |4 0  |6 728_300000000000000_SCH_1982  |7 0  |8 R  |9 270445  |a BIBARQ  |b BIBARQ  |d 2019-11-19  |i 3223728  |l 1  |o 728.3 SCH 1982  |p 3223728  |r 2025-01-20  |s 2023-03-21  |w 2019-11-19  |y BK_R  |k ARQ 
952 |0 0  |1 0  |4 0  |6 728_300000000000000_SCH_1982  |7 0  |8 A  |9 270446  |a BIBING  |b BIBING  |d 2019-11-19  |i 4062205  |o 728.3 SCH 1982  |p 4062205  |r 2025-01-20  |w 2019-11-19  |y BK  |k GEO